000 00670nam a2200193Ia 4500
005 20250508165118.0
008 008 250505s9999 xx 000 0 hin d
037 _aDissertations
040 _aFEDL
_beng
_cFEDL
041 _ahin
_2eng
084 _a363.7, TRI/DI
_qFEDL
100 _aTripathi Pushpa
_9779917
245 0 _aVidyalaya patthyakaram ka vidyarthiyon me paryavaran ki samajh awam paryavarniya chunotiyon me prati jaagrukta peida karne me yogdan awam vidyarthiyon per uska prabhav
260 _c2011
300 _a131p.
546 _aM. Ed. Dissertation, (Delhi University)
942 _cDIS
_h363.7, TRI/DI
999 _c1393235
_d1393235